000 00607nam a2200205Ia 4500
003 GCL
005 20240530095918.0
008 140319s9999 xx 000 0 eng d
040 _aGCL /
_cGCL
082 0 4 _a493.2
_bCC/L D
100 1 _aLABIB, PAHOR
245 1 0 _aDIE DREI VERSIONEN DES APOKRYPHON DES JOHANNES IM KOPTISCHEN MUSEVM ZU ALT KAIRO /
_cLABIB, PAHOR
260 _a[S.N] :
_bIMPRIMERIE DE L INSTITUT GRAPHIQUE EGYPT ،
_c1962
300 _a307P ;
_c32 cm
650 0 4 _aCOPTIC MUSEUM
650 0 4 _aEGYPTOLOGY
650 0 4 _aEGYPTIAN LANGUAGE
700 1 _aKRAUSE, MARTIN
942 _2ddc
_cBK
999 _c12004
_d12004